000 00425nam a2200193Ia 4500
008 210210b xxu||||| |||| 00| 0 eng d
041 _aeng
082 _a520/47
100 _aDOIG (Peter)
245 _aOutline of stellar astronomy
260 _aLondon
_bHutchinson
_c
300 _a168
650 _astellr
650 _astellar
650 _aOutline
650 _aastronomy
690 _aAstronomy
906 _a008032
999 _c126021
_d126021